000 00853nam a2200289Ia 4500
001 Z_4502
003 CHAP
008 220113s1985 xx 000 0 und d
010 _a167577
040 _cCHAP
090 _aFolleto 23
100 _aPérez, Emma Paulina
_9141826
245 _aCrisis agrícola y expansión ganadera en México, una reseña /
_cpor Emma Paulina Pérez, Ernesto Camou Healy
260 _aHermosillo, Son. :
_bCentro de Investigación en Alimentación y Desarrollo,
_c1985
300 _a53 h.
440 _a
500 _a
503 _a
650 _aAgricultura
_xAspectos económicos
_xMéxico
_9138160
650 _aGanadería
_xAspectos económicos
_xMéxico I. t. II. Camou Healy, Ernesto
_9141827
901 _aFolleto 23
902 _aA
910 _a1985
942 _cc14
942 _cc14
999 _c167577
_d167577